000 00868nam a22001457a 4500
003 OSt
005 20160330100729.0
008 160330b xxu||||| |||| 00| 0 eng d
040 _cRUA
082 _aFIS SUO 2003 B472 Or.1
100 _98242
_aSOUNG PISETH; សួង ពិសិដ្ឋ
245 _aAfrica hybrid catfish nourishment in the tank at prek chang village kompong samnanh commune takhmau district kandal province, ការចិញ្ចឹមបំប៉នកូនត្រីអណ្ដែងកូនកាត់អាព្រិចនៅក្នុងអាងស៊ីម៉ង់តិ៍ នៅក្នុងភូមិព្រែកចាំង ឃុំកំពង់សំណាញ់ ស្រុកតាខ្មៅ ស្ថិតក្នុងខេត្តកណ្ដាល
300 _a43p.
_bill.
_c29cm.
942 _2ddc
_cFIS
999 _c7871
_d7871